000 00553nam a2200193Ia 4500
008 121212t2010 xxu||||| |||| 00| 0 sin d
041 _asin
080 _a8-31 (eng)
_bDES
100 _aDe,Silva
245 _aසිංහලයේ රණ හඩ
246 _aSinhalaye Ranahada
260 _aDayawansa Jayakody
_aColombo
_c2010
300 _b399p, 21 cm
500 _aSinhalese Translation of Colin de Silva's of Winds of Sinhala
700 _aAbayawardana,Nimal
_etr.
942 _cBK
999 _c42280
_d42280
003 LK-CoDNM
040 _aLK-CoDNM
_dLK-CoDNM
_eLK-CoDNM